000 00711nam a2200205 i 4500
001 102871
003 ES-MaACL
005 20250730063119.0
007 t|
008 951002s1869 fr ||||1| fre d
040 _aCAM
_bspa
_cCAM
100 1 _aParieu, Marie-Louis-Pierre Félix Esquirou de,
_d1815-1893
_9154753
245 1 3 _aLa monnaie internationale
_b: état actuel de la question /
_cpar E. de Parieu.
260 _aParis :
_b[s.n.,
_c1869] (
_fImp. de Dubuisson et Cie.)
300 _a8 p. ;
_c24 cm.
500 _aExtrait de la Revue Contemporaine, du 31 julliet 1869.
650 0 4 _aSistema monetario internacional.
_917132
852 _aES-MaACL
_jT-1284-F-3
999 _c102871
_d102871